Topologische Kaart van Europa - Statistieken

Algemene statistieken
  • Deze quiz is 2.347 keer genomen
  • De gemiddelde score is 17 van 41
Antwoorden op de kaart
Antwoorden kleurgecodeerd door een groen-rode schaal op de quizkaart volgens % correct hieronder.
 
Antwoordstatistieken
Antwoord % Correct
Rusland
57%
Duitsland
55%
Nederland
54%
Italië
53%
Vaticaanstad
52%
Denemarken
51%
België
50%
Frankrijk
50%
Andorra
48%
Spanje
48%
Liechtenstein
47%
Oekraïne
47%
San Marino
47%
Luxemburg
46%
Monaco
46%
Oostenrijk
46%
Portugal
46%
Zwitserland
45%
Estland
43%
Griekenland
43%
Moldavië
43%
Roemenië
43%
Polen
42%
Bulgarije
40%
Letland
40%
Belarus
39%
Litouwen
39%
Kroatië
37%
Slovenië
37%
Tsjechië
37%
Bosnië en Herzegovina
36%
Slowakije
36%
Servië
35%
Zweden
35%
Albanië
34%
Hongarije
34%
Finland
32%
Noorwegen
32%
Montenegro
31%
Noord-Macedonië
31%
Kosovo
30%
Geen overeenkomende quizzen gevonden
Scoreverdeling
Procent van Mensen met Elke Score
Percentiel versus Aantal Correcte Antwoorden
Uw Scoregeschiedenis
U heeft deze quiz nog niet genomen